000 00226nam a2200097Ia 4500
008 240331s9999 xx 000 0 und d
082 _bSAM
100 _aSamuel, G.J
245 0 _aPanpattuk kalappum ilakkiya orumaiyum
942 _cL
999 _c2105
_d2105